00496nam a2200193Ia 4500003000400000005001700004008004100021020002200062040000700084041000800091082001300099100001700112245007200129260003500201300001200236365001400248650002000262650002000282OSt20230511162731.0210423s2014 xx 000 0 und d a978-93-5084-461-8 cAL aeng a664 POOF aPOORNIMA (B) aFundamentals of food science technology processing and preservation aNew DelhibCentrum Pressc2014 a303bHB b1800cINR aFood Technology aFood Technology